Responses for Show #8642 - Tuesday, May 17, 2022

Ryan Long game 3.

Contestants

[<< previous game]

Justinne Lake-Jedzinak, a museum educator from Oyster Bay, New York

Jason Smith, a head of risk operations from Scottsdale, Arizona

Ryan Long, a rideshare driver from Philadelphia, Pennsylvania (whose 2-day cash winnings total $43,000)

[next game >>]

Jeopardy! Round responses

THE AMERICAN RED CROSS
POETS
INDIGENOUS PEOPLES
TOOL TIME: PAIRS EDITION
MY NAME IS A PALINDROME
TALK TO THE HAND
    $200 11
a lifeguard

Justinne
    $200 30
(John) Milton

Ryan
    $200 10
(Mayim: Yes, you ran the category. Congratulations.)
[Applause]

reindeer

Jason
    $200 25
tongs

Jason
    $200 20
Bob

Ryan
    $200 1
hooks (claws)

Ryan
    $400 28
Heidi Klum

Ryan
    $400 12
(Robert) Burns

Jason
    $400 6
a desert

Jason
    $400 24
sickle

Ryan
    $400 16
Elle

Justinne
    $400 2
mitts

Ryan
    $600 13
plasma

Justinne
    $600 14
The Revolution

Ryan
    $1,400 7
Bangladesh

Jason
    $600 23
mortar

Ryan
    $600 17
Ava

Ryan
    $600 3
paws

Ryan
    $800 26
a defibrillator

Ryan
    $800 15
(T.S.) Eliot

Ryan
    $800 8
the Inuit

Jason
    $800 21
tackle

Ryan
    $800 18
Otto

Ryan
    $800 4
duke

Ryan
    $1000 27
(Clara) Barton

Jason
    $1000 29
The Faerie Queene

Triple Stumper
    $1000 9
Queensland

Jason
    $1000 22
mortise

Triple Stumper
    $1000 19
(Mayim: Yes, that's [*] Gadsby.)

Hannah

Ryan
    $1000 5
ham-handed

Jason

Scores at the first commercial break (after clue 15):

Ryan Jason Justinne
$3,400 $5,200 $800

Scores at the end of the Jeopardy! Round:

Ryan Jason Justinne
$9,200 $6,400 $1,200

Double Jeopardy! Round responses

MILITARY HISTORY
COUNTRIES IN THE U.S.
WATER, WATER EVERYWHERE
REMEMBERING THE LADIES
MOVIE TITLE BEFORE & AFTER
SCORING A "T--D"
(Mayim: Responses will begin with "T" and end in "D".)
    $400 8
(Justinne: What is the Bonus Army?)

the Continental Army

JasonJustinne
    $400 10
Jamaica

Justinne
    $400 30
Mars

Ryan
    $400 29
plant or grow trees

Triple Stumper
    $400 17
Up in the Air Force One

Justinne
    $400 18
tweed

Ryan
    $800 7
Massachusetts

Jason
    $800 9
Jordan

Jason
    $800 27
the Dead Sea

Ryan
    $800 28
DNA

Justinne
    $800 16
Charlie's Angels in the Outfield

Ryan
    $800 19
timid

Triple Stumper
    $1200 6
the Long March

Jason
    $1200 3
China Grove

Triple Stumper
    $1200 26
Jupiter

Jason
    $1200 23
the White Mouse

Triple Stumper
    $1200 15
Night of the Living Deadpool

Ryan
    $8,000 20
tenfold

Ryan
    $1600 4
Wallace

Jason
    $1600 2
Cuba

Jason
    $2,200 25
Ceres

Justinne
    $1600 12
(Margaret) Mead

Ryan
    $1600 14
Father of the Bride of Frankenstein

Ryan
    $1600 21
a tabloid

Justinne
    $2000 5
(Ryan: Who is Chaucer?)

John Bunyan

Ryan
Triple Stumper
    $2000 1
Lebanon

Triple Stumper
    $2000 24
Kepler

Triple Stumper
    $2000 11
(Eliza) Hamilton

Jason
    $2000 13
(Ryan: What is The Great Escape from Witch Mountain?)

The Great Escape to Witch Mountain

Ryan
Triple Stumper
    $2000 22
a tabard

Triple Stumper

Scores at the end of the Double Jeopardy! Round:

Ryan Jason Justinne
$20,000 $16,000 $6,200

[wagering suggestions for these scores]

Final Jeopardy! Round responses

LITERATURE
(Mayim: [To Ryan] This is from Time magazine's 1957 review of On the Road.)
JustinneWho is Salinger
$2,201
JasonWho is Updike?
$3,500
RyanWho is Kerouac?
$7,000
(Jack) Kerouac

Final scores:

Ryan Jason Justinne
$27,000 $12,500 $3,999
3-day champion: $70,000 2nd place: $2,000 3rd place: $1,000

Game dynamics:

Coryat scores:

Ryan Jason Justinne
$13,200 $15,200 $5,600
24 R
(including 1 DD),
2 W
17 R
(including 1 DD),
0 W
8 R
(including 1 DD),
1 W

Combined Coryat: $34,000

[game clues] [game scores] [suggest correction]

Game tape date: 2022-03-01
The J! Archive is created by fans, for fans. Scraping, republication, monetization, and malicious use prohibited; this site may use cookies and collect identifying information. See terms. The Jeopardy! game show and all elements thereof, including but not limited to copyright and trademark thereto, are the property of Jeopardy Productions, Inc. and are protected under law. This website is not affiliated with, sponsored by, or operated by Jeopardy Productions, Inc. Join the discussion at JBoard.tv.